Statistics for NBA Teams by City

Click here to take the quiz!

General Stats

  • This quiz has been taken 66 times
    (49 since last reset)
  • The average score is 29 of 30

Answer Stats

CityTeam% Correct
ChicagoBulls
100%
BostonCeltics
100%
New YorkKnicks
100%
Philadelphia76ers
98%
AtlantaHawks
98%
MiamiHeat
98%
OrlandoMagic
98%
BrooklynNets
98%
IndianaPacers
98%
DetroitPistons
98%
TorontoRaptors
98%
HoustonRockets
98%
San AntonioSpurs
98%
PhoenixSuns
98%
MinnesotaTimberwolves
98%
PortlandTrail Blazers
98%
Golden StateWarriors
98%
MilwaukeeBucks
95%
Los AngelesClippers
95%
CharlotteHornets
95%
UtahJazz
95%
SacramentoKings
95%
Los Angeles (15 rings)Lakers
95%
DenverNuggets
95%
Oklahoma CityThunder
95%
WashingtonWizards
95%
MemphisGrizzlies
93%
DallasMavericks
93%
New OrleansPelicans
93%
ClevelandCavaliers
90%

Score Distribution

Percentile by Number Answered

Percent of People with Each Score

Your Score History

You have not taken this quiz since the last reset